Welcome to the Holygrace Academy Library

Please use search bar below to get started

RAINBOW WORLD FAMOUS FAIRY TALES (Record no. 6167)

MARC details
000 -LEADER
fixed length control field 00583nam a22001457a 4500
020 ## - INTERNATIONAL STANDARD BOOK NUMBER
ISBN 81-8153-082-9
082 ## - DEWEY DECIMAL CLASSIFICATION NUMBER
Classification number 823
Item number MEE/R
100 ## - MAIN ENTRY--AUTHOR NAME
Personal name MEENA
245 ## - TITLE STATEMENT
Title RAINBOW WORLD FAMOUS FAIRY TALES
260 ## - PUBLICATION, DISTRIBUTION, ETC. (IMPRINT)
Place of publication DELHI
Name of publisher RAINBOW BOOKS
Year of publication 2009
300 ## - PHYSICAL DESCRIPTION
Number of Pages 160
520 ## - SUMMARY, ETC.
Summary, etc Ancient people recognized the RAINBOW as a sign of peace and of harmony. The ancient Hebrews recognized it as a sign given by the Creator that he wants all living things to live and to flourish in peace and harmony; all clans, all tribes, all colors, all faiths, all nations.
650 ## - SUBJECT ADDED ENTRY--TOPICAL TERM
Topical Term SHORT STORY
942 ## - ADDED ENTRY ELEMENTS (KOHA)
Koha item type Books
Holdings
Withdrawn status Lost status Collection code Home library Current library Shelving location Date acquired Source of acquisition Cost, normal purchase price Full call number Accession Number Koha item type
    Fiction Main Library Main Library SHELF 15-K-CHILDREN'S STORYBOOKS 06/11/2012 Purchase 40.00 823 MEE/R 06469 Books